|
|
|
|
| LEADER |
00000nam0a2200000 4500 |
| 001 |
48510 |
| 005 |
20231031031817.0 |
| 035 |
|
|
|a (RuTPU)RU\TPU\book\50810
|
| 090 |
|
|
|a 48510
|
| 100 |
|
|
|a 20030319d1983 m y0rusy50 ca
|
| 101 |
0 |
|
|a rus
|
| 102 |
|
|
|a RU
|
| 105 |
|
|
|a a j 001zy
|
| 200 |
1 |
|
|a Основы светотехники и источники света
|e учебное пособие
|f М. М. Гуторов
|
| 210 |
|
|
|a Москва
|c Энергоатомиздат
|d 1983
|
| 215 |
|
|
|a 384 с.
|c ил.
|
| 320 |
|
|
|a Библиогр.: с. 379-381.
|
| 610 |
1 |
|
|a светотехника
|
| 610 |
1 |
|
|a источники света
|
| 610 |
1 |
|
|a люминесценция
|
| 610 |
1 |
|
|a цветовые расчеты
|
| 610 |
1 |
|
|a световые измерения
|
| 610 |
1 |
|
|a учебные пособия
|
| 675 |
|
|
|a 628.9(075.8)
|v 3
|
| 700 |
|
1 |
|a Гуторов
|b М. М.
|g Михаил Максимович
|
| 801 |
|
1 |
|a RU
|b 63413507
|c 20030319
|g PSBO
|
| 801 |
|
2 |
|a RU
|b 63413507
|c 20201029
|g PSBO
|
| 900 |
|
|
|a Метрология и оптические измерения
|
| 900 |
|
|
|a Источники и приемники оптического излучения
|
| 900 |
|
|
|a Основы светотехники
|
| 900 |
|
|
|a Источники света
|
| 900 |
|
|
|a Приборы и методы оптических измерений
|
| 942 |
|
|
|c BK
|
| 952 |
|
|
|b 180600
|